000 00482cam a2200193 4500
001 D15391
008 090401t1975 xxu||||| |||| 00| 0 eng d
035 _a(Sirsi) u22447
041 _aeng
110 _aFIABCI
245 _aRoster of members 1975 - 1976
260 _aParis
_bFIABCI
_c1975
300 _alxxviii. 345p. 24cm
350 _a0
520 _aAt archives 1975/13A
710 _aRoyal Institution of Chartered Surveyors
_94900
942 _n0
948 _c04/03/1997
999 _c88184
_d88184